| 000 | 01686cam a2200433 i 4500 | ||
|---|---|---|---|
| 001 | 24431 | ||
| 003 | Mx-PuUPA | ||
| 005 | 20250924114742.0 | ||
| 008 | 140415s1986 a gr 000 f spa d | ||
| 017 | _aB. 34523-2012 | ||
| 020 | _a9788494027246 | ||
| 040 |
_cMx-PuUPA _aMx-PuUPA _bspa _dMx-PuUPA _erda |
||
| 041 | 1 |
_aeng _aspa |
|
| 100 | 1 |
_aChesterton, G. K., _q(Gilbert Keith), _d1874-1936 _eautor _96386 |
|
| 245 | 1 | 3 |
_aEl secreto del padre Brown y otro relato = _bThe secret of Father Brown and another short story / _cG.K. Chesterton ; traducción, Mario Domínguez Parra |
| 246 | 3 | 1 | _aThe secret of Father Brown and another short story |
| 264 | 1 |
_a[Lugar de publicación no identificado] : _bNow Books, _c[2012?] |
|
| 300 |
_a63 páginas ; _c20 cm + _e1 disco de computadora (4 3/4 pulg.) |
||
| 336 |
_2rdacontent _atexto _btxt |
||
| 336 |
_2rdacontent _apalabra hablada _bspw |
||
| 337 |
_2rdamedia _asin medio _bn |
||
| 337 |
_2rdamedia _aaudio _bs |
||
| 337 |
_2rdamedia _acomputadora _bc |
||
| 338 |
_2rdacarrier _avolumen _bnc |
||
| 338 |
_2rdacarrier _adisco compacto _bcd |
||
| 490 | 0 |
_aClásicos bilingües ; _v5 |
|
| 546 | _aTexto en inglés y español. | ||
| 650 | 7 |
_2armarc _aPadre Brown (Personaje ficticio) _vNovela |
|
| 650 | 7 |
_2armarc _aCatólicos _vnovela |
|
| 650 | 7 |
_2armarc _aClero _vNovela |
|
| 650 | 7 |
_2armarc _aInglaterra _vNovela |
|
| 650 | 7 |
_2armarc _aNovela policiaca _xInglesa |
|
| 655 | 7 |
_aNovela _2armarc |
|
| 700 | 1 |
_aDomínguez Parra, Mario, _etraductor |
|
| 942 |
_2ddc _cLI _h823.912 _iC53 |
||
| 999 |
_c24431 _d24431 |
||